000 00217nam a22000857a 4500
008 161205b xxu||||| |||| 00| 0 eng d
100 _91793
_aGoel.D.K.etal
245 _aAccountancy-XII
260 _aNew Delhi
_bS. Dinesh
_c2013
999 _c4502
_d4502